000 00426 a2200157 4500
005 20250614075418.0
020 _a978-1-292-72165-1
082 _a658 BOV
100 _aBOVEE, L. C
245 _aBusiness in Action
250 _a10th Ed.
260 _aLondon
_bPearson Education Ltd
_c2024.
300 _a500p.:ill.;charts. diagrams, pictures
_bAppendix, Glossary and Index
_c27cm
700 _aJohn V. Thill
942 _2ddc
_cBKS
999 _c4039
_d4039